| 000 | 00481nam a22001457a 4500 | ||
|---|---|---|---|
| 003 | macl | ||
| 005 | 20180408144150.0 | ||
| 008 | 180408b xxu||||| |||| 00| 0 eng d | ||
| 040 | _cmacl | ||
| 100 |
_aमृदुला गर्ग _945541 |
||
| 245 | _aबिसात तीन बहनें तीन आख्यान | ||
| 260 |
_aदिल्ली _bराजकमल प्रकाशन _c2014 |
||
| 650 |
_aकहानियां _933092 |
||
| 942 |
_2ddc _cHIN |
||
| 999 |
_c57603 _d57603 |
||